000 00879cam a2200265 i 4500
001 11441
003 Mx-PuUPA
005 20250128114958.0
008 140415s1982 mx a gr 000 0 spa d
040 _aMx-PuUPA
_bspa
_cMx-PuUPA
_dMx-PuUPA
_erda
041 0 _aspa
100 1 _aEscamilla Arce, Leopoldo,
_eautor
245 1 3 _aEl cerdo, su cría y explotación /
_cLeopoldo Escamilla Arce
264 1 _aMéxico, D. F. :
_bEditorial Continental,
_c1982
300 _a347 páginas :
_bilustraciones ;
_c23 cm
336 _2rdacontent
_atexto
_btxt
337 _2rdamedia
_asin medio
_bn
338 _2rdacarrier
_avolumen
_bnc
545 1 _aReimpresiones: (Decimaoctava, noviembre, 1982).
650 7 _2armarc
_aCría de cerdos
700 1 _aEscamilla Arce, Leopoldo,
_eautor
942 _2ddc
_cLI
_h636.4
_iE74
999 _c11441
_d11441